FIFA 21 One 82 Rated Player Per Team - Statistics

General Stats
  • This quiz has been taken 93 times
  • The average score is 12 of 37
Answer Stats
Club Player % Correct
Everton James Rodriguez
67%
Burnley Pope
65%
Manchester United Maguire
62%
Wolverhampton Neves
60%
Arsenal Özil, Willian
56%
Leeds Rodrigo
52%
Bayern Munchen Boateng, Hernandez
51%
Chelsea Kepa
44%
Fulham Areola
43%
Tottenham Lo Celso, Reguilon
43%
Atletico Madrid Llorente, Carrasco, Correa
40%
Hoffenheim Kramaric, Baumann
38%
Piemonte Calcio/Juventus Buffon, Morata, Ramsey
35%
Dortmund Can
35%
Marseille Payet, Thauvin
35%
Leverkusen Bellarabi, Bender
33%
Villareal Asenjo, Rulli, Raul Albiol
32%
CSKA Moscow Fernandes
30%
Ajax Promes, Blind
30%
Sevilla Rakitic, Vaclik, Ocampos
30%
Real Madrid Asensio
29%
Leipzig Laimer, Halstenberg
29%
Guangzhou Talisca
29%
Getafe Djene, David Soria
27%
Barcelona Neto
27%
Real Betis Canales
24%
Lille Maignan
24%
Gladbach Ginter
22%
Alaves Pacheco
21%
Napoli Fabian Ruiz
19%
Werder Bremen Pavlenka
19%
Atalanta Gosens
17%
Genoa Perin
17%
Galatasaray Muslera
16%
Inter Perisic, Kolarov
16%
Porto Danilo Pereira, Marchesin
14%
Shanghai Arnautovic
10%
No matching quizzes found
Score Distribution
Percent of People with Each Score
Percentile by Number Answered
Your Score History
You have not taken this quiz